Beyond camelot rethinking politics and law for the modern state

Gespeichert in:
Bibliographische Detailangaben
1. Verfasser: Rubin, Edward L.
Format: Buch
Sprache:Englisch
Veröffentlicht: Princeton Princeton University Press 2007
Schlagworte:
Tags: Tag hinzufügen
Keine Tags, Fügen Sie das erste Tag hinzu!

MARC

LEADER 00000nam$a2200000$$$4500
001 0059922
005 20240306135539.2
020 |a 0-691-11808-6 
041 0 |a eng 
044 |a US 
245 1 0 |a Beyond camelot  |b rethinking politics and law for the modern state  |c Edward L. Rubin 
264 1 |a Princeton  |b Princeton University Press  |c 2007 
300 |a 471 s. 
610 2 0 |a štát 
610 2 0 |a história 
610 2 0 |a politika 
610 2 0 |a filozofia 
610 2 0 |a správa verejná 
610 2 0 |a modely 
610 2 0 |a byrokracia 
610 2 0 |a zákony 
610 2 0 |a predpisy 
610 2 0 |a vláda 
610 2 0 |a morálka 
610 2 0 |a moc politická 
610 2 0 |a demokracia 
610 2 0 |a práva ľudské 
610 2 0 |a USA 
100 1 |a Rubin, Edward L.